Edvard Beneš: Dilema politika

Bibliographic Details
Main Author: Havel, Václav, 1936-2011 (Author)
Format: Article
Language:Slovak
PhysicalDescription:Fotogr.
ISSN:1335-440X
Subjects:

MARC

LEADER 00000nab a2200000 a 4500
001 vtls000792735
003 SK-MaSNL
005 20260303205002.0
008 160324c2002 xo 0 slo
015 |a SNBRB2002/04-14345 
035 |a CLN000144390 
040 |a SNKBUCL  |b slo  |c SNKBUCL  |e AACR2 
041 0 |a slo 
044 |a xo  |c SK 
080 |a 943.7-051  |2 1997 
080 |a 32-051  |2 1997 
080 |a 943.7"1940/1945"  |2 1997 
100 1 |a Havel, Václav,  |d 1936-2011  |4 aut  |9 151003 
245 1 0 |a Edvard Beneš: Dilema politika  |c Václav Havel 
300 |b Fotogr. 
600 1 7 |a Beneš, Edvard,  |d 1884-1948  |2 snkbucl  |9 110633 
630 0 7 |a Benešove dekréty  |2 snkbucl  |9 840980 
655 7 |a články z novín a časopisov  |2 snkbucl  |9 267496 
773 0 |x 1335-440X  |t Sme  |g Roč. 10, č. 901[91] (19.4.2002), s. 9 
850 |a Slovenská národná knižnica v Martine 
852 |a SNK  |b KIS3GCP 
958 |a CZ 
958 |a RBX 
999 |c 2193021  |d 2194951